Statistics for Countries that Use the Rupee

Click here to take the quiz!

General Stats

  • This quiz has been taken 255 times
  • The average score is 5 of 7

Answer Stats

Country% Correct
India
99%
Pakistan
91%
Sri Lanka
91%
Nepal
87%
Indonesia (rupiah)
65%
Seychelles
38%
Mauritius
36%

Score Distribution

Percentile by Number Answered

Percent of People with Each Score

Your Score History

You have not taken this quiz